مدخل إلى علم الإحياء / (رقم التسجيلة. 57975)

تفاصيل مارك
000 -LEADER
fixed length control field 00706nam a22002177a 4500
005 - DATE AND TIME OF LATEST TRANSACTION
control field 20251108171143.0
008 - FIXED-LENGTH DATA ELEMENTS--GENERAL INFORMATION
fixed length control field 250721s1985 xx 000 0 ara d
082 14 - DEWEY DECIMAL CLASSIFICATION NUMBER
Classification number ط/574/تشي
100 1# - MAIN ENTRY--PERSONAL NAME
Personal name تشيشولم، جان
245 10 - TITLE STATEMENT
Title مدخل إلى علم الإحياء /
264 1# - PRODUCTION, PUBLICATION, DISTRIBUTION, MANUFACTURE, AND COPYRIGHT NOTICE
Place of production, publication, distribution, manufacture بيروت :
Name of producer, publisher, distributor, manufacturer المؤسسة العربية للدراسات والنشر،
Date of production, publication, distribution, manufacture, or copyright notice 1985.
300 ## - PHYSICAL DESCRIPTION
Extent 48ص : مص
490 0# - SERIES STATEMENT
Series statement سلسلة اوسبورن
650 17 - SUBJECT ADDED ENTRY--TOPICAL TERM
Topical term or geographic name as entry element علم الأحياء
653 ## - INDEX TERM--UNCONTROLLED
Uncontrolled term ناشاون صغار(10-14)سنوات
700 1# - ADDED ENTRY--PERSONAL NAME
Personal name بيزون، ديفيد
700 1# - ADDED ENTRY--PERSONAL NAME
Personal name مدانات، حيدر
Relator term ترجمة
700 1# - ADDED ENTRY--PERSONAL NAME
Personal name مدانات، حسام
942 ## - ADDED ENTRY ELEMENTS (KOHA)
Source of classification or shelving scheme Dewey Decimal Classification
Koha item type كتب
المقتنيات
حالة السحب حالة الفقدان مصدر التصنيف حالة التلف غير قابل للإعارة المكتبة الرئيسية المكتبة الحالية موقع الرف تاريخ التزويد الرقم المتسلسل Total Checkouts رقم الإستدعاء تاريخ آخر ظهور تاريخ الفاتورة نوع المادة (كوها) الباركود
    Dewey Decimal Classification     مكتبة الراية الهاشمية للأطفال مكتبة الراية الهاشمية للأطفال الأطفال 21/01/2009 582957   ط/574/تشي 28/07/2025 21/01/2009 كتب PLD00067016
    Dewey Decimal Classification Unchecked   مكتبة صويلح العامة مكتبة صويلح العامة الأطفال 06/07/2004 342   ط/574/تشي 28/07/2025 06/07/2004 كتب  
Implemented & Customized by: BBB with SCIT (Smart Chains for Information Technology)

Powered by Koha